Lakásépítések alakulása Magyarországon 1990-től napjainkig

Elmentve itt :
Bibliográfiai részletek
Szerző: Sugár György
További közreműködők: Szondi Ildikó (Témavezető)
Dokumentumtípus: Szakdolgozat
Megjelent: 2001
Tárgyszavak:
Online Access:http://diploma.bibl.u-szeged.hu/26893
LEADER 00573nta a2200157 i 4500
001 dipl26893
005 20130314084456.0
008 110923s2001 hu om 0|| zxx d
040 |a SZTE Diploma Repozitórium  |b hun 
041 |a zxx 
100 1 |a Sugár György 
245 1 0 |a Lakásépítések alakulása Magyarországon 1990-től napjainkig  |h [elektronikus dokumentum] /  |c György Sugár 
260 |c 2001 
650 4 |a Jogi és igazgatási tanulmányok 
700 1 |a Szondi Ildikó  |e ths 
856 4 0 |u http://diploma.bibl.u-szeged.hu/id/eprint/26893/1/2001_sugar_gyorgy.pdf  |z Dokumentum-elérés